000 00879nam a2200265Ia 4500
003 OSt
005 20220927104108.0
006 a|||||r|||| 00| 0
007 ta
008 220926b |||||||| |||| 00| 0 eng d
024 _a127633
037 _cReference Collections
040 _aRTL
_cRTL
_beng
041 _2eng
_aeng
082 _a"Y15.1,dN76:g, M5/UN"
110 _a"United Nations, International Economic and Social Affairs (Deptt of-)"
245 0 _aDevelopment co-operation with women
_b the experienc
260 _aNew
_bYork UN
_c1985
300 _a"viii,195p"
_ccm.
490 _aUnited Nations Development Fund for Women
650 _aWoman Sociology
_9363516
700 _a"United Nations, International Economic and Social Affairs (Deptt of-)"
942 _h"Y15.1,dN76:g, M5/UN"
_cCC
999 _c685774
_d685774